Automatizácia databázovej aplikácie v systéme MS Access bakalárska práca

Gespeichert in:
Bibliographische Detailangaben
1. Verfasser: Hybenová, Ivana
Körperschaft: Fakulta hospodárskej informatiky EU. Katedra aplikovanej informatiky
Weitere Verfasser: Janček, Ľubomír
Format: Buch
Sprache:Slowakisch
Veröffentlicht: Bratislava 2013
Tags: Tag hinzufügen
Keine Tags, Fügen Sie das erste Tag hinzu!

MARC

LEADER 00000nbm a2200000 4500
001 0173106
005 20161109112138.9
041 0 |a slo 
044 |a SK 
245 1 0 |a Automatizácia databázovej aplikácie v systéme MS Access  |b bakalárska práca  |c Ivana Hybenová ; školiteľ: Ľubomír Janček 
264 1 |a Bratislava  |c 2013 
300 |a 38 s. 
100 1 |a Hybenová, Ivana 
700 1 |a Janček, Ľubomír 
710 2 |a Fakulta hospodárskej informatiky EU. Katedra aplikovanej informatiky